Pediatrické listy orgán Československé pediatrické společnosti

Bibliographic Details
New Title:Československá pediatrie
Format: Serial
Language:Czech
PhysicalDescription:9 zv. cm
Published: Praha Mladá generace lekařu 1946-1954
Praha Státní zdravotnické nakladatelství
ISSN:1802-016X
0069-2328
Subjects:

MARC

LEADER 00000cas a2200000 a 4500
001 vtls001363519
003 SK-MaSNL
005 20260228160102.0
008 990518d19461954xr mr 0 0 0cze c
022 |a 1802-016X 
035 |a SNK000317147 
040 |a SNK  |b slo  |c SNK  |e AACR2 
041 0 |a cze 
044 |a xr  |c CZ 
072 7 |a 616-053.2  |x Pediatria  |2 konspekt 
080 |a 616-053.2  |2 2011 
080 |a (051)-027.561  |2 2011 
080 |a 050  |2 2011 
210 0 |a Pediatr. listy 
222 0 |a Pediatrické listy 
245 0 0 |a Pediatrické listy  |b orgán Československé pediatrické společnosti 
260 |a Praha  |b Mladá generace lekařu  |c 1946-1954 
260 3 |3 [194-?]-[1954]  |a Praha  |b Státní zdravotnické nakladatelství 
300 |a 9 zv.  |c cm 
310 |a 1x mesačne 
362 0 |a Roč. 1, č. 1 (1946)-roč. 9, č. 12 (1954) 
650 0 7 |a pediatria  |2 SNKPH  |9 912 
655 7 |a odborné časopisy  |2 SNKPH  |9 70505 
785 0 0 |t Československá pediatrie  |x 0069-2328 
910 |a snk 
999 |c 1374  |d 3304 
952 |0 0  |1 1  |4 0  |7 0  |a SNK  |b SNK  |d 2010-03-15  |i snk 1053/48  |l 0  |o snkČB 640/2/1947  |p 17A0648470  |r 2026-02-21 19:31:55  |w 2026-02-21  |y PREZ 
952 |0 0  |1 1  |4 0  |7 0  |a SNK  |b SNK  |d 2010-03-15  |i snk 551/50  |l 0  |o snkČB 640/4/1949  |p 17A0648776  |r 2026-02-21 19:31:55  |t č. 1-6  |w 2026-02-21  |y PREZ